Statistics for Countries with the Most Downhill Skiing

Click here to take the quiz!

General Stats

  • This quiz has been taken 12,441 times
    (12,321 since last reset)
  • The average score is 17 of 20

Answer Stats

km Country % Correct
11,404United States
99%
3,924Canada
98%
7,209Switzerland
97%
372Russia
97%
10,229France
96%
935Norway
94%
1,406Germany
94%
1,058Sweden
94%
7,214Austria
94%
6,020Italy
93%
334Finland
91%
2,133Japan
82%
1,133Spain
80%
457Poland
78%
350Chile
73%
364Argentina
72%
664Czech Republic
69%
474Slovakia
66%
454Australia
64%
521New Zealand
62%

Score Distribution

Percentile by Number Answered

Percent of People with Each Score

Your Score History

You have not taken this quiz since the last reset